John Cusack Filmography - Statistics

General Stats
  • This quiz has been taken 182 times
    81 since last reset
  • The average score is 51 of 99
Answer Stats
Type Year Name % Correct
Film 1999 Being John Malkovich
78%
Film 2007 1408
72%
Film 2009 2012
72%
Film 2000 High Fidelity
72%
Film 1989 Say Anything...
72%
Film 1985 Better Off Dead
67%
Film 2016 Cell
67%
Film 1996 City Hall
67%
Film 1997 Con Air
67%
Film 1988 Eight Men Out
67%
Film 1997 Grosse Pointe Blank
67%
Film 2005 Must Love Dogs
67%
Film 2003 Runaway Jury
67%
Film 2001 Serendipity
67%
Film 1984 Sixteen Candles
67%
Film 1985 The Sure Thing
67%
Film 1998 The Thin Red Line
67%
Film 2001 America's Sweethearts
61%
Film 1997 Anastasia
61%
Film 1994 Bullets over Broadway
61%
Film 1983 Class
61%
Film 1987 Hot Pursuit
61%
Film 2010 Hot Tub Time Machine
61%
Film 2008 Igor
61%
Film 2007 Martian Child
61%
Film 2002 Max
61%
Film 1993 Money for Nothing
61%
Film 1986 One Crazy Summer
61%
Film 2022 Pursuit
61%
Film 1991 Shadows and Fog
61%
Film 1986 Stand by Me
61%
Film 2013 The Butler
61%
Film 2013 The Frozen Ground
61%
Film 1990 The Grifters
61%
Film 1992 The Player
61%
Film 2008 War, Inc.
61%
Film 2002 Adaptation.
56%
Film 2017 Blood Money
56%
Film 2007 Grace Is Gone
56%
Film 1984 Grandview, U.S.A.
56%
Film 2014 Map to the Stars
56%
Film 2010 Shanghai
56%
Film 2006 The Contract
56%
Film 2005 The Ice Harvest
56%
TV Film 1999 The Jack Bull
56%
Film 1991 True Colors
56%
Film 2017 Arsenal
50%
Film 1992 Bob Roberts
50%
Film 1987 Broadcast News
50%
Film 1999 Cradle Will Rock
50%
Film 2024 Decoded
50%
Film 2025 Detective Chinatown 1900
50%
Film 2018 Distorted
50%
Film 1989 Fat Man and Little Boy
50%
Film 1994 Floundering
50%
TV Show 1996 Frasier
50%
Film 2015 Hot Tub Time Machine 2
50%
Film 2003 Identity
50%
Film 2014 love&mercy
50%
Film 1992 Map of the Human Heart
50%
Film 1997 Midnight in the Garden of Good and Evil
50%
Film 1999 Pushing Tin
50%
Film 2018 River Runs Red
50%
Film 2017 Singularity
50%
Film 1988 Tapeheads
50%
Film 1985 The Journey of Natty Gann
50%
Film 2012 The Raven
50%
Film 1997 Chicago Cab
44%
Film 2015 Chi-Raq
44%
TV Show 2014 Doll & Em
44%
Film 2015 Dragon Blade
44%
Film 2014 Drive Hard
44%
Film 2025 Fog of War
44%
Film 2013 Grand Piano
44%
Film 2019 Never Grow Old
44%
Film 1992 Roadside Prophets
44%
Film 2013 The Numbers Station
44%
Film 2012 The Paperboy
44%
Film 2014 The Prince
44%
Film 1998 This Is My Father
44%
Web Series 2020 Utopia
44%
Film 2013 Adult World
39%
Short Film 1989 Elvis Stories
39%
Film 2014 The Bag Man
39%
Film 2012 The Factory
39%
Film 1994 The Road to Wellville
39%
Documentary Series 2016 The Timeline
39%
Music Video 1988 Trip at the Brain
39%
TV Film 2014 Wall Street
39%
Film 2014 Reclaim
33%
Film 2008 Summerhood
33%
Film 2013 We Are Not Animals
33%
Documentary Mini-Series 1994 Baseball
22%
Theater 1977 Chekhov: Some Family Portraits
22%
Commercial 2013 Chevrolet Silverado
22%
TV Documentary 1997 Eastwood on Eastwood
22%
Commercial 2015 Google Play
22%
Documentary 2006 The Besieged Fortress
22%
Theater 1983 Singer & His Demons
11%
No matching quizzes found
Score Distribution
Percent of People with Each Score
Percentile by Number Answered
Your Score History
You have not taken this quiz since the last reset